| 000 | 01289nam a2200349 i 4500 | ||
|---|---|---|---|
| 001 | 000020821 | ||
| 003 | DO-SdBNP | ||
| 005 | 20260420174913.0 | ||
| 007 | ta | ||
| 008 | 100818s1985 dr r 001 0 spa d | ||
| 040 |
_aDO-SdBNP _bspa _cBNPHU _erda |
||
| 082 | 4 |
_a230.0464 _bS586t, 1985 _222 |
|
| 100 | 1 |
_aSilva Gotay, Samuel, _943648 _eautor |
|
| 245 | 1 | 3 |
_aLa teología de la liberación : _bimplicaciones para la iglesia y para el marxismo / _cSamuel Silva Gotay. |
| 260 |
_aSanto Domingo : _bCEPAE, _c1985. |
||
| 264 |
_aSanto Domingo : _bCEPAE, _c1985. |
||
| 300 |
_a393 páginas ; _c23 cm. |
||
| 336 |
_2rdacontent _atexto _btxt |
||
| 337 |
_2rdamedia _asin mediación _bn |
||
| 338 |
_2rdacarrier _avolumen _bnc |
||
| 500 | _aImplicaciones de la teología de la liberación para la sociología de la religión | ||
| 500 | _aIncluye referencias bibliográficas y notas al pie de páginas. | ||
| 504 | _aBibliografía : p. 398 -389. | ||
| 590 | _aInventariado, 2018/BT | ||
| 650 | 4 |
_aTeología de la liberación _95838 |
|
| 650 | 0 |
_a Escuela marxista de sociología _943649 |
|
| 650 | 4 |
_aLibertad (teología) _923187 |
|
| 650 | 4 |
_aReligión y política _943650 |
|
| 650 | 4 |
_aRevolución (teología) _943651 |
|
| 910 | _aValidado. Control de calidad. EMS | ||
| 942 |
_2ddc _cLBS1 |
||
| 999 |
_c20325 _d20325 |
||